Sistemy technologičeskovo obespečenija kačestva komponentov mikroelektronnoj apparatury /

Salvato in:
Dettagli Bibliografici
Autori principali: Vlasov, Vladimir Jevgenjevič (Autore), Zacharov, Vadim Petrovič (Autore), Korobov, Anatolij Ivanovič (Autore)
Natura: Libro
Pubblicazione: Moskva : Radio i svjaz, 1987
Tags: Aggiungi Tag
Nessun Tag, puoi essere il primo ad aggiungerne!!

MARC

LEADER 00000nam a22000003a 4500
001 stu15226
005 20150617225757.0
008 ------s1987----xxr---------------------d
040 |a STU  |b slo 
041 0
044 |a xxr 
080 |a 621.3.049 
100 1 |a Vlasov, Vladimir Jevgenjevič  |4 aut 
245 1 |a Sistemy technologičeskovo obespečenija kačestva komponentov mikroelektronnoj apparatury /  |c [aut.]Vlasov,Vladimir Jevgenjevič, Zacharov,Vadim Petrovič, Korobov,Anatolij Ivanovič 
260 |a Moskva :  |b Radio i svjaz,  |c 1987 
300 |a 156 s :  |b Tab.,grafz,lit 
700 1 |a Zacharov, Vadim Petrovič  |4 aut 
700 1 |a Korobov, Anatolij Ivanovič  |4 aut 
996 |b C79762  |c C*79762  |l CCXVI  |s P  |a 0  |w stu15226_0001